| Tag |
First Indicator |
Second Indicator |
Subfields |
| LEADER |
00000cam a2200000 a 4500 |
| 001 |
in00000003274 |
| 005 |
20151007051110.0 |
| 007 |
he bmb024bbca |
| 008 |
990426s1998 cauab b b f000 0 eng d |
| 035 |
|
|
|a (OCoLC)ocm45162377
|
| 035 |
|
|
|9 AJG4759AM
|
| 040 |
|
|
|c SPI
|d GPO
|d DLC
|d MvI
|d UtOrBLW
|
| 043 |
|
|
|a n-us-hi
|
| 049 |
|
|
|a UDOC
|
| 049 |
|
|
|a WWW
|
| 074 |
|
|
|a 0624-H (MF)
|
| 074 |
|
|
|a 0624-H (online)
|
| 086 |
0 |
|
|a I 19.76:98-212
|
| 100 |
1 |
|
|a Gardner, James V.
|
| 245 |
1 |
0 |
|a Cruise report, RV Ocean Alert cruise A1-98-HW :
|b January 30 through February 23, 1998, Honolulu to Honolulu, Hawai'i /
|c James V. Gardner and John Hughes-Clarke.
|
| 264 |
|
1 |
|a [Menlo Park, Calif.] :
|b U.S. Dept. of the Interior, U.S. Geological Survey,
|c 1998.
|
| 300 |
|
|
|a 27 pages :
|b illustrations, maps ;
|c 28 cm.
|
| 336 |
|
|
|a text
|b txt
|2 rdacontent
|
| 337 |
|
|
|a microform
|b h
|2 rdamedia
|
| 338 |
|
|
|a microfiche
|b he
|2 rdacarrier
|
| 490 |
1 |
|
|a Open file report ;
|v 98-212
|
| 500 |
|
|
|a "Conducted under a cooperative agreement between the U.S. Geological Survey and the Ocean Mapping Group, University of New Brunswick"--Title page.
|
| 500 |
|
|
|a "Mapping Hawaii insular slopes"--P. 1.
|
| 500 |
|
|
|a Shipping List Date: 04/23/99
|
| 536 |
|
|
|a "Jointly funded project by the US Corps of Engineers, US Environmental Protection Agency, and the US Geological Survey"--T.p.
|
| 500 |
|
|
|a Shipping list number: 99-0388-M.
|
| 504 |
|
|
|a Includes bibliographical references (page 25).
|
| 533 |
|
|
|a Microfiche.
|b [Denver, Colo.] :
|c U.S. Geological Survey,
|d [1999].
|e 1 microfiche : negative.
|
| 530 |
|
|
|a Also available via Internet from USGS Web site. Address as of 10/27/2000: http://pubs.usgs.gov/open-file/of98-212; current access is available via PURL.
|
| 500 |
|
|
|a Microform.
|
| 650 |
|
0 |
|a Submarine topography
|z Hawaii
|x Remote sensing.
|
| 650 |
|
0 |
|a Waste disposal in the ocean
|z Hawaii
|x Remote sensing.
|
| 700 |
1 |
|
|a Hughes-Clarke, John.
|
| 710 |
2 |
|
|a Geological Survey (U.S.)
|
| 710 |
2 |
|
|a University of New Brunswick.
|b Ocean Mapping Group.
|
| 710 |
1 |
|
|a United States.
|b Army.
|b Corps of Engineers.
|
| 710 |
1 |
|
|a United States.
|b Environmental Protection Agency.
|
| 830 |
|
0 |
|a U.S. Geological Survey open-file report ;
|v 98-212.
|
| 856 |
4 |
2 |
|u http://pubs.usgs.gov/products/books/openfile//
|z List of USGS open-file reports by year from which a link may be made to the title desired
|t 0
|
| 999 |
|
|
|a MARS
|
| 999 |
f |
f |
|s 1e6cc298-8bd9-35a5-b7a3-a14856ae5ec8
|i df13b83e-cf0d-3b80-8107-802f8aa3b028
|t 0
|
| 952 |
f |
f |
|p normal
|a Texas A&M University
|b College Station
|c Sterling C. Evans Library
|d Evans: US Documents Microfiche (3rd floor)
|t 0
|e I 19.76:98-212
|h Superintendent of Documents classification
|i microform -- microfiche
|m A14824490054
|
| 952 |
f |
f |
|a Texas A&M University
|b College Station
|c Electronic Resources
|d Available Online
|t 0
|e I 19.76:98-212
|h Superintendent of Documents classification
|
| 998 |
f |
f |
|a I 19.76:98-212
|t 0
|l Evans: US Documents Microfiche (3rd floor)
|
| 998 |
f |
f |
|a I 19.76:98-212
|t 0
|l Available Online
|